| 000 | 00556cam a2200157Ki 4500 | ||
|---|---|---|---|
| 082 |
_a359.009 _bFRA _cD |
||
| 100 | 1 |
_aFraser, Edward. _949481 |
|
| 245 | 1 | 4 |
_aThe sailors whom Nelson led _btheir doings described by themselves / _cby Edward Fraser. |
| 260 |
_aLondon : _bMethuen, _c1913. |
||
| 300 |
_axiii, 353 p., [15] leaves of plates : _bmaps, port. ; _c19 cm. |
||
| 500 | _aIncludes index. | ||
| 526 |
_a0 _b0 _c0 _d359_009000000000000_FRA |
||
| 650 |
_aMCE _9379 |
||
| 856 | 4 | 0 | _uhttp://catalog.hathitrust.org/api/volumes/oclc/4680770.html |
| 942 |
_2ddc _cBK |
||
| 999 |
_c552552 _d552552 |
||